Exégesis evangelización y pastoral

Salvato in:
Dettagli Bibliografici
Ente Autore: CELAM (Autore)
Natura: Libro
Lingua:spagnolo
Pubblicazione: Bogotá Secretariado General del Celam 1976
Serie:Documento Celam, 21
Soggetti:
Tags: Aggiungi Tag
Nessun Tag, puoi essere il primo ad aggiungerne!!

MARC

LEADER 00000nam a2200000 a 4500
001 UCR3139
003 CL-VaPUC
005 20240531101856.0
008 980123e19760000ck 1 spa d
082 0 4 |a 220.6  |b CEL  |2 21 
110 2 |a CELAM  |e author  |9 618709 
245 1 0 |a Exégesis evangelización y pastoral 
260 |a Bogotá  |b Secretariado General del Celam  |c 1976 
300 |a 106 p 
490 0 |a Documento Celam, 21 
583 |a last modification  |c 19980123 00:00:00  |k Rodrigo Vera 
650 0 7 |a EVANGELIO  |2 CL-VaPUC  |9 368586 
650 0 7 |a EVANGELIZACION  |2 CL-VaPUC  |9 618710 
650 0 0 |a Exégesis   |9 365279 
650 0 0 |a Biblia  |9 257603 
650 0 0 |a Apostolado  |9 398055 
650 0 0 |a Congresos  |9 257560 
942 |c BK 
945 |a rleighto  |d 19980123 00:00:00 
546 |a En Español 
518 |p Encuentro de escrituristas de América Latina, 1, Buenos Aires, Agosto de 1974 
999 |c 383084  |d 383082 
952 |0 0  |1 2  |4 0  |6 220_600000000000000_CEL_1976  |7 0  |8 A  |9 505094  |a BIBTEO  |b BIBTEO  |d 2020-01-23  |i 3369153  |o 220.6 CEL 1976  |p 3369153  |r 2020-01-23  |w 2020-01-23  |x Descarte 2019  |y BK  |k ICR